| 000 | 00849cam a22002775a 4500 | ||
|---|---|---|---|
| 001 | 014601298 | ||
| 003 | OSt | ||
| 005 | 20201128023624.0 | ||
| 008 | 080305s2008 enka frb 001 0 eng d | ||
| 020 | _a9780273713289 (pbk.) | ||
| 020 | _a0273713280 (pbk.) | ||
| 040 |
_aStDuBDS _beng _cStDuBDS _dUk _dEG-ScBUE |
||
| 082 | 0 | 4 |
_a330.0151 _222 _bFUR |
| 245 | 0 | 0 |
_aFurther mathematics for economic analysis / _cKnut Sydsaeter ... [et al.] |
| 250 | _a2nd ed. | ||
| 260 |
_aHarlow : _bFinancial Times Prentice Hall, _c2008. |
||
| 300 |
_axi, 616 p. : _bill. ; _c25 cm. |
||
| 500 | _aPrevious ed.: 2005. | ||
| 500 | _aIndex : p. 609-616. | ||
| 504 | _aBibliography : p. 605-607. | ||
| 650 | 7 |
_aEconomics, Mathematical. _2BUEsh _91252 |
|
| 653 |
_bBUSECO _cNovember2015 |
||
| 655 |
_vReading book _934232 |
||
| 700 | 1 | _aSydsæter, Knut. | |
| 942 | _2ddc | ||
| 999 |
_c21082 _d21054 |
||